000 00967nam0a2200313 i 4500
001 RU\NLR\BIBL_A\010846235
005 20240725014327.0
010 _a9785943100499
_91000
021 _aRU
_b2015-60865
_93617
035 _a(NILC)RuMoRGB-007997427
035 _a(NLR Aleph) 010846235
090 _a10352680
_c10352680
100 _a20150923d2015 u y0rusy50 ca
101 0 _arus
102 _aRU
105 _aa|||z|||000cy
200 1 _aРассказы, путешествия, эссе
_fЮрий Степанович Цепилов
210 _aЗлатоуст
_c[б. и.]
_d2015
215 _a102, [1] с.
_cил.
_d21
675 _a821.161.1-31/-32
686 2 _aШ6(2=Р)8-4
700 1 _aЦепилов
_bЮ. С.
_f1939-
_gЮрий Степанович
801 0 _aRU
_bРГБ
_c20150814
_gRCR
801 1 _aRU
_bРГБ
_c20150814
_2rusmarc
942 _cBOOK
980 _aNBR